000
00299nam a22001097a 4500
082
_a
336
100
_a
Ahuja,Dr.Girish
_9
83367
245
_a
Income Tax Act As Amended By Finance (No.02) Act 2024
260
_a
Delhi
_b
Commercial Law Publishers
_c
2024
650
_a
Income Tax
_9
83368
942
_c
C. BOOKS
999
_c
68255
_d
68255